Normal view
MARC view
Entry Topical Term
001 - CONTROL NUMBER
- control field: 55243
003 - CONTROL NUMBER IDENTIFIER
- control field: OSt
005 - DATE AND TIME OF LATEST TRANSACTION
- control field: 20250716130254.0
008 - FIXED-LENGTH DATA ELEMENTS
- fixed length control field: 250716|| aca||aabn | a|a d
040 ## - CATALOGING SOURCE
- Original cataloging agency: OSt
- Transcribing agency: OSt
150 ## - HEADING--TOPICAL TERM
- Topical term or geographic name entry element: Workforce retention, First responders, COVID-19 pandemic, Role abandonment, Turnover intentions, Public safety workforce, Emergency response, Personal risk, Family risk, Public risk perception, Emotional safety, Protective equipment, Standard operating procedures, Organizational strategies, PhotoVoice methodology, Nationwide survey, In-depth interviews, Public administration, Retention mitigation, Crisis management
670 ## - SOURCE DATA FOUND
- Source citation: Work cat.: (OSt)526840: Remington, Christa L. et al 55242, First responders and the Covid-19 pandemic: How organizational strategies can promote workforce retention
